000 00340nam a2200145Ia 4500
008 230917s9999||||xx |||||||||||||| ||und||
040 _e114311
_aMAIN
041 _aEnglish
082 _a823.7 D555B
100 _aDickens, Charles
245 0 _aBleak House
260 _aLondon
_bWordsworth
_c1993
300 _axxi, 760 p.
942 _cBK
999 _c143684
_d143684